Регионална библиотека "Любен Каравелов" - Русе

Изкуството на войната (Запис номер 96348)

MARC детайли
000 -Лидер
Контролно поле с фиксирана дължина 02274nam a2200481 c 4500
003 - Код на организацията, давaща контролен номер
Контролно поле BLK
005 - Дата и час на последна редакция
Контролно поле 20241002181041.0
008 - Елементи от данни с фиксирана дължина
fixed length control field 180409b bul|||||r ||||||| ||bul||
010 ## - Наследен системен номер
LC control number KNG00101242000
020 ## - Международен стандартен номер на книга ISBN
Международен стандартен номер на книга ISBN 954-528-264-9
020 ## - Международен стандартен номер на книга ISBN
Международен стандартен номер на книга ISBN 9789545282645
040 ## - Източник на каталожния запис
Идентификатор на билиотеката - собственик на записа BLK
041 ## - Код за език
Код за езика на текст/звукозапис или на отделно заглавие Български
Код за езика КДБФ Български
080 ## - УДК
Текстов определител УДК Военно изкуство. Общо върху военните операции. Тактика. Стратегия. Бойно поле
УДК код - определител по УДК 355.4
УДК определител (315)
УДК - код + определител 355.4(315)
100 ## - Редна дума - Автор
Автор Сун Дзъ
R(LIN) 291091
139 ## - Редно поле
Редна дума Сун Дзъ
Авторски знак Сул - С 91
245 10 - Сведения за заглавието
Заглавие Изкуството на войната
Подзаглавни данни Древни кит. трактати
Редно поле (дума) Сун Дзъ; прев. от рус. Райчо Кирилов Радулов; прев. от рус. Венедикта Иванова Григорова.
257 ## - Страна на издаване
Страна на създаване/издаване Китай
260 ## - Област на издателските данни
Място на издаване, разпространение и проч. София
Име на издателя, разпространителя и проч. Труд
Година на издаване 2005
9 (RLIN) 209481
Издателство - префикс ISBN 978-954-398- ; 978-954-528-
300 ## - Физическа характеристика
Страници 496 с.
Размери/Мащаб 20 см
380 ## - Жанр
Жанр Обществени науки
490 ## - СЕРИИ (Колекции)
Име на серия Световна класика
9 (RLIN) 201329
490 ## - СЕРИИ (Колекции)
Име на серия Аналетика
9 (RLIN) 201842
500 ## - Общи забележки
Забележка Други авт. : Конфуций, Мън Дзъ, Лао Дзъ, Шан Ян, Хан Федзъ, Джуандзъ, Удзъ, Гуей Гудзъ, Лиу Дзи, Джугъ Лян, Су Сюн. - Офс. изд. - Съдържа и Афоризми за военното изкуство ; Речник на често използвани термини в древнокитайските военни трактати. - Доп. тир. 2005.
650 #4 - Допълнително описание по предмет – тема
Основно описание – тема или топоним Военно изкуство - Китай
9 (RLIN) 254562
651 #4 - Допълнително описание по предмет - топоним
Географско понятие Китай
9 (RLIN) 242505
653 ## - Ключова дума – ненормативна
Ключова дума военно дело
653 ## - Ключова дума – ненормативна
Ключова дума Древен Китай
653 ## - Ключова дума – ненормативна
Ключова дума история
653 ## - Ключова дума – ненормативна
Ключова дума афоризми
700 1# - Други автори (авторска отговорност)
Лично име Радулов, Райчо Кирилов
Автороска отговорност (Описва отношението между автора и произведението) прев. от рус.
9 (RLIN) 374213
700 1# - Други автори (авторска отговорност)
Лично име Григорова, Венедикта Иванова
Автороска отговорност (Описва отношението между автора и произведението) прев. от рус.
9 (RLIN) 306741
852 ## - Местоположение
Форматна сигнатура Цб 211419
856 4# - Електронен адрес и достъп
Електронен формат pdf - файл
Инструкция (цена за достъп) 0.00
Права за достъп disable
856 4# - Електронен адрес и достъп
Електронен формат pdf - файл
Инструкция (цена за достъп) 0.00
Права за достъп disable
999 ## - СИСТЕМНИ КОНТРОЛНИ НОМЕРА
Koha biblionumber 96348
Koha biblioitemnumber 96348
942 ## - АРТИКУЛИ
Вид на библиотечния материал Книги
Скрит в OPAC Не
Koha issues (borrowed), all copies 17
Периодичен библиозапис Да
944 ## - СЪЗДАВАНЕ И РЕДАКЦИЯ на ЗАПИСА
Създаване/Редакция Създаване
Дата на регистрацията/редакция 01.01.2001
Статус, дата на статуса Галина Якимова
Служител, извършил регистрацията/редакцията 30564
944 ## - СЪЗДАВАНЕ И РЕДАКЦИЯ на ЗАПИСА
Създаване/Редакция Редакция
Дата на регистрацията/редакция 09.04.2014
Статус, дата на статуса ф /
999 ## - СИСТЕМНИ КОНТРОЛНИ НОМЕРА
Koha biblioitemnumber 96348
999 ## - СИСТЕМНИ КОНТРОЛНИ НОМЕРА
Koha biblioitemnumber 96348
999 ## - СИСТЕМНИ КОНТРОЛНИ НОМЕРА
Koha biblioitemnumber 96348
999 ## - СИСТЕМНИ КОНТРОЛНИ НОМЕРА
Koha biblioitemnumber 96348
Наличности
Код за отписване Код за изгубен артикул Източник на класификационната схема Код за повреда Коз за рестрикции Код за отдаване Артикулен № Име на библиотеката - собственик Име на библиотеката, в която се намира в момента Статус (Текущо местоположение) Дата на вписване в системата Местоположение - отдел Цена в лева Инвентарен номер Систематично азбучна сигнатура Баркод Номер на екземпляра Цена в евро Служебна бележка Служебен тип на артикула
  Не е изгубен Universal Decimal Classification Не е повреден без рестрикции ползва се в читалня 154659 Регионална библиотека "Любен Каравелов" Русе Регионална библиотека "Любен Каравелов" Русе Хранилище 2002-04-30 Хранилище 8.99 120000669755 Цб 211419 120000669755 1 4.60 Дост: Dp Вид: Д N: 48 Дата: 21.11.2001 Книги
  Не е изгубен   Не е повреден без рестрикции заемане за дома 154660 Регионална библиотека "Любен Каравелов" Русе Регионална библиотека "Любен Каравелов" Русе Заемна - подръчен фонд 2014-02-13 Заемна - подръчен фонд 7.79 120000774611 П 355.4/И 41 120000774611 2 3.98 Дост: Pk Вид: Ф N: 270 Дата: 07.02.2014 Дата инв: 07.02.2018 Бележки инв: П2018 Книги
  Не е изгубен Universal Decimal Classification Не е повреден без рестрикции заемане за дома 900165 Регионална библиотека "Любен Каравелов" Русе Регионална библиотека "Любен Каравелов" Русе Заемна - подръчен фонд 2022-08-15 Заемна - подръчен фонд 8.99   355.4/С 91 Д 120000874074   4.60   Книги
Vip Innovations Ltd, Rousse, Bulgaria 2025